| 000 | 00467cam a2200193 4500 | ||
|---|---|---|---|
| 001 | D9401 | ||
| 008 | 090401t1972 xxu||||| |||| 00| 0 eng d | ||
| 035 | _a(Sirsi) u19366 | ||
| 041 | _aeng | ||
| 050 | _a692.5 | ||
| 100 | _aTurner, Dennis F | ||
| 245 | _aQuantity surveying: practice and administration | ||
| 260 |
_aLondon _bGeorge Godwin _c1972 |
||
| 300 | _aix. 220p. 24cm | ||
| 350 | _a5 | ||
| 520 | _aA Building Book. | ||
| 942 | _n0 | ||
| 948 | _c04/03/1997 | ||
| 999 |
_c87670 _d87670 |
||